Statistiques concernant Challenge : 100 Pokémon à deviner ! #2

Cliquez ici pour prendre le quiz!

Statistiques générales

  • Ce quiz a été pris 17 fois
  • Le résultat moyen est 53 sur 100

Statistiques - réponses

GénérationType(s)Nombre de lettres1ère-dernière lettrePokémon à trouver% Correct
4GInsecte / Vol7 lettresY-AYanmega
92%
4GDragon / Sol10 lettresC-KCarchacrok
85%
2GInsecte / Acier9 lettresF-SForetress
77%
5GPlante / Acier7 lettresG-RGrindur
77%
1GGlace / Psy9 lettresL-ULippoutou
77%
1GSol9 lettresO-ROssatueur
77%
3GAcier / Psy6 lettresT-LTerhal
77%
3GPlante6 lettresC-ACacnéa
69%
3GDragon9 lettresD-SDrackhaus
69%
3GElectrik8 lettresD-TDynavolt
69%
4GPsy / Combat7 lettresG-EGallame
69%
1GInsecte / Vol10 lettresI-RInsécateur
69%
5GDragon / Glace6 lettresK-MKyurem
69%
3GNormal10 lettresM-TMonaflèmit
69%
2GElectrik5 lettresP-UPichu
69%
1GRoche / Vol5 lettresP-APtéra
69%
3GPlante / Poison7 lettresR-ARosélia
69%
1GEau / Psy7 lettresS-SStaross
69%
2GAcier / Sol7 lettresS-XSteelix
69%
3GTénèbres / Spectre7 lettresT-XTénéfix
69%
2GRoche / Ténèbres9 lettresT-FTyranocif
69%
1GPlante / Poison10 lettresB-RBoustiflor
62%
4GNormal / Eau8 lettresC-OCastorno
62%
6GRoche / Glace8 lettresD-ADragmara
62%
1GEau8 lettresH-NHypocéan
62%
3GEau / Sol7 lettresL-NLaggron
62%
2GElectrik9 lettresL-ELainergie
62%
5GEau7 lettresM-OMamanbo
62%
3GAcier (+ Fée depuis la 6G)9 lettresM-EMysdibule
62%
6GRoche / Dragon9 lettresR-SRexillius
62%
1GRoche / Eau9 lettresA-RAmonistar
54%
3GRoche / Insecte7 lettresA-OArmaldo
54%
4GPlante8 lettresC-RCeriflor
54%
5GTénèbres / Dragob6 lettresD-TDiamat
54%
1GNormal / Vol6 lettresD-ODodrio
54%
7GFeu8 lettreF-UFlamiaou
54%
6GFée7 lettresF-SFlorges
54%
4GGlace7 lettresG-IGivrali
54%
8GTénèbres / Normal4 lettresI-NIxon
54%
5GInsecte / Acier9 lettresL-TLançargot
54%
4GEau8 lettresL-NLuminéon
54%
5GInsecte / Plante9 lettresM-LManternel
54%
5GNormal9 lettresM-EMastouffe
54%
5GPoison9 lettresM-EMiamiasme
54%
4GEau10 lettresM-TMustéflott
54%
5GPlante / Acier7 lettresN-RNoacier
54%
7GEau / Fée8 lettresO-AOratoria
54%
8GSpectre11 lettresP-TPolthégeist
54%
8GPlante / Dragon8 lettresP-IPomdrapi
54%
5GFeu / Combat9 lettresR-MRoitiflam
54%
8GFeu / Insecte11 lettresS-EScolocendre
54%
6GGlace9 lettresS-LSéracrawl
54%
3GSpectre9 lettresT-ETéraclope
54%
6GPoison / Eau8 lettresV-EVenalgue
54%
8GRoche / Feu8 lettresW-EWagomine
54%
8GTénèbres / Plante6 lettresZ-EZarude
54%
6GDragon / Sol7 lettresZ-EZygarde
54%
3GTénèbres5 lettresA-LAbsol
46%
4GInsecte / Vol8 lettresA-EApireine
46%
4GAcier / Psy10 lettresA-EArchéomire
46%
5GTénèbres / Combat7 lettresB-DBaggaïd
46%
7GFeu / Dragon7 lettresB-ABoumata
46%
5GInsecte / Poison9 lettresB-EBrutapode
46%
3GInsecte / Vol10 lettresC-NCharmillon
46%
6GFée11 lettresC-ECupcanaille
46%
6GElectrik / Fée7 lettresD-EDedenne
46%
2GPsy / Vol5 lettresL-ALugia
46%
5GSpectre / Feu9 lettresL-ELugulabre
46%
5GNormal7 lettresM-RMiradar
46%
6GFée8 lettresN-INymphali
46%
4GInsecte / Vol8 lettresP-DPapilord
46%
4GPlante8 lettresP-IPhyllali
46%
4GNormal8 lettresP-ZPorygon-Z
46%
5GGlace7 lettresS-ESorbébé
46%
2GPlante10 lettresT-NTournegrin
46%
7GAcier / Vol11 lettresB-EBamboiselle
38%
4GTénèbres7 lettresD-IDarkrai
38%
8GSol9 lettresD-ADunaconda
38%
8GCombat / Poison8 lettresF-XFarfurex
38%
2GPlante9 lettresG-NGermignon
38%
2GNormal9 lettresL-ELeuphorie
38%
3GNormal8 lettresM-FMangriff
38%
5GPlante9 lettresM-IMaracachi
38%
8GGlace / Psy10 lettresM-EM. Glaquette
38%
3GEau10 lettresM-SMilobellus
38%
5GSol / Acier9 lettresM-EMinotaupe
38%
8GAcier11 lettresP-HPachyradjah
38%
8GEau / Spectre9 lettresP-LParagruel
38%
7GFeu / Spectre12 lettresP-KPierroteknik
38%
1GEau10 lettresP-EPoissirène
38%
3GNormal7 lettresR-MRamboum
38%
3GEau / Roche9 lettresR-HRelicanth
38%
5GPsy9 lettresS-ASidérella
38%
7GElectrik / Acier10 lettresT-UTogedemaru
38%
8GAcier10 lettresB-TBerserkatt
31%
8GNormal / Psy9 lettresC-NCerbyllin
31%
8GSpectre8 lettresC-ECorayôme
31%
4GNormal10 lettresC-ECoudlangue
31%
5GTénèbres9 lettresL-SLéopardus
31%
8GNormal10 lettresM-NMoumouflon
31%

Distribution des résultats

Percentile par nombre de réponses

% des personnes avec chaque résultat

Votre développement - résultats

Vous n’avez pas pris ce quiz